|
|
|
|
| LEADER |
00000cam a2200000 c 4500 |
| 001 |
52566579X |
| 003 |
DE-627 |
| 005 |
20230313141240.0 |
| 007 |
tu |
| 008 |
070312s1870 ii ||||| 00| ||eng c |
| 035 |
|
|
|a (DE-627)52566579X
|
| 035 |
|
|
|a (DE-576)9525665798
|
| 035 |
|
|
|a (DE-599)GBV52566579X
|
| 035 |
|
|
|a (OCoLC)255748295
|
| 040 |
|
|
|a DE-627
|b ger
|c DE-627
|e rakwb
|
| 041 |
|
|
|a eng
|
| 044 |
|
|
|c XB-IN
|
| 084 |
|
|
|a 0
|2 ssgn
|
| 245 |
0 |
0 |
|a Second English report of The Leipzig Evangelical Lutheran Mission In India
|b (with an appendix: "a reply to fiat justitia.")
|
| 264 |
|
1 |
|a Tranquebar
|b Hobusch
|c 1870
|
| 300 |
|
|
|a 32, 20 S
|
| 336 |
|
|
|a Text
|b txt
|2 rdacontent
|
| 337 |
|
|
|a ohne Hilfsmittel zu benutzen
|b n
|2 rdamedia
|
| 338 |
|
|
|a Band
|b nc
|2 rdacarrier
|
| 601 |
|
|
|a Leipzig
|
| 601 |
|
|
|a Evangeliar
|
| 601 |
|
|
|a Lutheraner
|
| 601 |
|
|
|a Mission
|
| 935 |
|
|
|a FRST
|a mteo
|
| 951 |
|
|
|a BO
|
| ELC |
|
|
|b 1
|
| LOK |
|
|
|0 000 xxxxxcx a22 zn 4500
|
| LOK |
|
|
|0 001 4288717965
|
| LOK |
|
|
|0 003 DE-627
|
| LOK |
|
|
|0 004 52566579X
|
| LOK |
|
|
|0 005 20240916085743
|
| LOK |
|
|
|0 008 230313||||||||||||||||ger|||||||
|
| LOK |
|
|
|0 040
|a DE-Tue135
|c DE-627
|d DE-Tue135
|
| LOK |
|
|
|0 092
|o n
|
| LOK |
|
|
|0 852
|a DE-Tue135
|
| LOK |
|
|
|0 852 1
|9 00
|
| LOK |
|
|
|0 866
|x SPQUE#Bibliothek der Franckeschen Stiftungen#SPSAM#Bibliothek des Leipziger Missionswerkes#SPUSM#Indienbibliothek mit den Tamildrucken#SPSYS#tami_systematik_D
|
| LOK |
|
|
|0 935
|a FRST
|a lemw
|a tami
|
| LOK |
|
|
|0 939
|a 13-03-23
|b l01
|
| ORI |
|
|
|a SA-MARC-ixtheoa001.raw
|
| REL |
|
|
|a 1
|
| SUB |
|
|
|a REL
|